000
00248nam a2200097Ia 4500
008
230915s9999 xx 000 0 und d
050
_a
QE28.2.P499.C.6
100
_a
CHARLES C.PLUMMER
245
0
_a
PHYSICAL GEOLOGY AND THE ENVIRONMENT
942
_c
BK
999
_c
62864
_d
62864